Zinda Khuda (Record no. 5754)

MARC details
000 -LEADER
fixed length control field 00530nam a2200229 a 4500
020 ## - INTERNATIONAL STANDARD BOOK NUMBER
ISBN
082 00 - DEWEY DECIMAL CLASSIFICATION NUMBER
Classification number 268
Author Cutter DUN
100 ## - MAIN ENTRY--AUTHOR NAME
Author name Duncun, Homer
245 ## - TITLE STATEMENT
Title Zinda Khuda
260 ## - PUBLICATION, DISTRIBUTION, ETC. (IMPRINT)
Place of publication Lahore
Name of publisher Meenar Kutub
Year of publication 1977
300 ## - PHYSICAL DESCRIPTION
Number of Pages 40p
500 ## - GENERAL NOTE
General note includes index and biblioraphy
505 2# - FORMATTED CONTENTS NOTE
Formatted contents note Index
650 ## - SUBJECT ADDED ENTRY--TOPICAL TERM
Topical Term Christian Education & Training
942 ## - ADDED ENTRY ELEMENTS (KOHA)
Koha item type Books
Holdings
Collection code Home library Current library Date acquired Cost, normal purchase price Full call number Accession Number Koha item type
  Henry Martyn Institute Library Henry Martyn Institute Library 07/13/2007 0.75 268 DUN 09022 Books
                   Copyright © 2026 | Henry Martyn Institute | Hyderabad | TS-500052 | INDIA | Implemented by hmi.edu.in
Hit-Count:

Powered by Koha